Applied probability models with optimization applications /
Guardado en:
| Autor Principal: | |
|---|---|
| Formato: | Libro |
| Idioma: | English |
| Publicado: |
San Francisco [Calif.] :
Holden-Day,
c1970.
|
| Series: | Holden-Day series in management science
|
| Etiquetas: |
Agregar Etiqueta
Sin Etiquetas, Sea el primero en etiquetar este registro!
|
| LEADER | 00631nam a22001815a 4500 | ||
|---|---|---|---|
| 001 | MAT.inmabb002365 | ||
| 008 | 700601s1970####caua#####b####001#0#eng#d | ||
| 005 | 20160531172325.0 | ||
| 245 | 1 | 0 | |a Applied probability models with optimization applications / |c Sheldon M. Ross. |
| 260 | |a San Francisco [Calif.] : |b Holden-Day, |c c1970. | ||
| 300 | |a 198 p. : |b il. ; |c 24 cm. | ||
| 440 | 0 | |a Holden-Day series in management science | |
| 504 | |a Incluye referencias bibliográficas. | ||
| 510 | 4 | |a MR, |c 41 #9383 | |
| 100 | 1 | |a Ross, Sheldon M. | |
| 084 | |a 60-01 (60Kxx 90-01 90C90) |2 MR | ||
| 010 | |a 73111376 | ||
| 859 | |h 60 |i R823i |p A-4044 |b BIB. MATEMATICA | ||
